Designing the user interface: strategies for effective human-computer interaction

Uloženo v:
Podrobná bibliografie
Hlavní autoři: Shneiderman, Ben (Autor), Plaisant, Catherine (Autor)
Médium: Kniha
Jazyk:angličtina
Vydáno: Boston Pearson 2004
Vydání:4a. ed
Témata:
Tagy: Přidat tag
Žádné tagy, Buďte první, kdo vytvoří štítek k tomuto záznamu!

MARC

LEADER 00000nam a2200000 a 4500
001 UCL2181
003 CL-VaPUC
008 031010e20040000US |||||||||||||||||eng|d
020 |a 0321197852 
082 0 4 |a 004.019  |b SHN  |2 21 
100 0 |a Shneiderman, Ben  |e author  |9 479224 
700 0 |a Plaisant, Catherine  |e author  |9 479225 
245 1 0 |a Designing the user interface: strategies for effective human-computer interaction 
250 |a 4a. ed 
300 |a 136 p 
942 |c BK 
945 |d 20031010 00:00:00  |a cmena 
260 |a Boston  |b Pearson  |c 2004 
650 0 |a Diseño de sistemas  |9 262363 
650 7 |a SISTEMAS COMPUTACIONALES INTERACTIVOS  |2 CL-VaPUC  |9 271342 
583 |a last modification  |c 20031010 00:00:00  |k Rodrigo Vera 
999 |c 305538  |d 305536 
952 |0 0  |1 0  |4 0  |6 004_019000000000000_SHN_2004  |7 0  |8 A  |9 369623  |a BIBING  |b BIBING  |d 2019-11-21  |i 3951944  |o 004.019 SHN 2004  |p 3951944  |r 2024-01-25  |w 2019-11-21  |y BK  |k CCI